横浜市18区のシンボルマーク - Statistics

General Stats
  • This quiz has been taken 61 times
  • The average score is 12 of 18
Answer Stats
Picture Answer % Correct
西区
83%
鶴見区
81%
青葉区
77%
戸塚区
77%
港北区
71%
緑区
71%
金沢区
69%
栄区
67%
港南区
65%
都筑区
63%
南区
63%
旭区
63%
瀬谷区
60%
神奈川区
58%
泉区
58%
磯子区
56%
保土ケ谷区
56%
中区
54%
No matching quizzes found
Score Distribution
Percent of People with Each Score
Percentile by Number Answered
Your Score History
You have not taken this quiz